000 00704nam a2200217 i 4500
001 63303
003 ES-MaACL
005 20230906164825.0
007 t|
008 031209s1966 sp ||||1| spa d
080 _a86 Unamuno y Jugo, Miguel de:2
100 1 _aFernández Turienzo, Francisco.
_950128
245 1 0 _aUnamuno :
_bansia de Dios y creación literaria /
_cFrancisco Fernández Turienzo.
260 _aMadrid :
_bAlcalá,
_c1966.
300 _a225 p. ;
_c24 cm.
490 1 _aRomania. Serie literaria
600 1 7 _aUnamuno, Miguel de,
_d1864-1936-
_xReligión
_2
_9165170
830 1 _aRomania. Serie literaria
_9176632
852 _aES-MaACL
_jC-31218
999 _c63303
_d63303